| 000 | 00786nam a2200229 i 4500 | ||
|---|---|---|---|
| 001 | 182174 | ||
| 003 | ES-MaACL | ||
| 005 | 20251014063256.0 | ||
| 008 | 130621s2002 sp | |||| ||spa d | ||
| 020 | _a84-7731-395-4 | ||
| 080 | _a821.134.2-31"19" | ||
| 100 | 1 |
_aViejo, Eugenio, _d1942- _9151650 |
|
| 245 | 1 | 0 |
_aDoblete en Nueva York / _cEugenio Viejo. |
| 260 |
_aMadrid : _bEndymion, _c[2002] |
||
| 300 |
_a116 p. ; _c20 cm. |
||
| 490 | 1 |
_aColección Narrativa ; _vn. 57 |
|
| 830 | 0 |
_aColección Narrativa ; _vn. 57 _9180828 |
|
| 852 |
_aES-MaACL _jA-12741 _9189085 _bR.149003 _cDEPO1 _dOlim: N-5741 _xDonación: Eugenio Viejo _zDedicatoria autógrafa del autor |
||
| 903 |
_aViejo, Eugenio, _d1942- _ednr _9151650 |
||
| 942 |
_2udc _cMONOGRAFIA |
||
| 999 |
_c182174 _d182174 |
||